000
00217pam a2200121 a 4500
020
_c
041
_h
100
_a
P.Sudhakar
245
_a
Land Management
300
_a
14
653
_a
Environment
930
_a
931
999
_c
246784
_d
246784